000 00601nam a2200193Ia 4500
003 GCL
008 140319s9999 xx 000 0 ara d
040 _aGCL /
_cGCL
082 0 4 _a415.1
_bد ا
100 1 _aناصر حسين على (تحقيق)
245 1 0 _aالاغراب فى الاعراب /
_cناصر حسين على (تحقيق)
700 1 _aالدروكى , محمد بن مصطفى الحنفى
260 _a[S.N] :
_bالمطبعة التعاونية ،
_c1989
300 _a49 ص
490 _a
650 0 4 _aالنحو
650 0 4 _aاللغة العربية
942 _2ddc
_cBK
999 _c33075
_d33075